000
00214 a2200097 4500
001
44492
100
_a
Boggess
245
_a
Aircraft Sheet Metal Worn
260
_a
London
_b
Pitman & Sons
_c
090
_c
28204
_d
28204
942
_a
NUST-CAE
_c
M
_c
20230
999
_c
279565
_d
279565